Biotecnologia, biodireito e liberdade individuais Novas fronteiras da cin̊cia jurd̕ica /

Bibliographic Details
Main Author: Caldas do Rego Dabus Maluf, Adriana
Other Authors: Aboin, Ana Carolina, Silva Scalquette, Ana Clùdia, Soares da Silva, Anna Paula, Pereira Lima, CÍntia Rosa, Souza de Queiroz, Denise, Lippmann, Ernesto, Shiguemitsu Fujita, Jorge, Vanzolini, Patrc̕ia, Arnoni Scalquette, Rodrigo, Teixeira Pedro, Rute
Format: eBook
Language:Portuguese
Published: San Pablo: Editora Foco, 2019
Subjects:
Online Access:Acceso restringido

MARC

LEADER 00000nam a22000007a 4500
005 20210906235928.0
007 cr|||| ||||
008 210907s2019 br |||||s|||| 00||0 por d
020 |a 978-85-8242-366-0 
035 |a 35141 
040 |a vLex 
090 |c 12277  |d 12277 
100 1 |a Caldas do Rego Dabus Maluf, Adriana 
245 1 0 |a Biotecnologia, biodireito e liberdade individuais  |h [Recurso electrn̤ico] :  |b Novas fronteiras da cin̊cia jurd̕ica /  |c Adriana Caldas do Rego Dabus Maluf, Ana Carolina Aboin, Ana Clùdia Silva Scalquette, Anna Paula Soares da Silva, CÍntia Rosa Pereira Lima, Denise Souza de Queiroz, Ernesto Lippmann, Jorge Shiguemitsu Fujita, Patrc̕ia Vanzolini, Rodrigo Arnoni Scalquette, Rute Teixeira Pedro 
256 |a Servicio en ln̕ea 
260 |a San Pablo:  |b Editora Foco,  |c 2019 
300 |a 1 recurso electrn̤ico 
506 1 |a Disponible solo en los productos indicados  |d vLex Global  |d vLex Global (Academic Edition, excluding Law Schools)  |d vLex Global (U.S. Academic Edition, Law Schools)  |d vLex Global (U.S. Academic Edition, excluding Law Schools)  |d vLex Global (Academic Edition, Law Schools) 
650 0 4 |a Ciencias sociales  |z Brasil 
700 1 |a Aboin, Ana Carolina 
700 1 |a Silva Scalquette, Ana Clùdia 
700 1 |a Soares da Silva, Anna Paula 
700 1 |a Pereira Lima, CÍntia Rosa 
700 1 |a Souza de Queiroz, Denise 
700 1 |a Lippmann, Ernesto 
700 1 |a Shiguemitsu Fujita, Jorge 
700 1 |a Vanzolini, Patrc̕ia 
700 1 |a Arnoni Scalquette, Rodrigo 
700 1 |a Teixeira Pedro, Rute 
740 0 |a vLex Libros (Servicio en ln̕ea) 
856 4 0 |u https://app.vlex.com/#/sources/35141  |z Acceso restringido 
942 |c BOOK 
999 0 |a Social Sciences